Countries Bee Gees Visited - Statistics

General Stats
  • This quiz has been taken 29 times
  • The average score is 21 of 23
Answer Stats
Continent Country % Correct
Europe Germany
100%
Europe Ireland
100%
Europe United Kingdom
100%
Europe Belgium
95%
North America Canada
95%
Europe France
95%
Europe Italy
95%
Asia Japan
95%
Europe Netherlands
95%
Europe Spain
95%
North America United States of America
95%
South America Argentina
91%
Oceania Australia
91%
Europe Denmark
91%
Europe Sweden
91%
Europe Austria
86%
Asia China
86%
Oceania New Zealand
86%
Europe Switzerland
86%
Africa South Africa
82%
Asia Indonesia
68%
Asia Malaysia
68%
Europe Monaco
59%
No matching quizzes found
Score Distribution
Percent of People with Each Score
Percentile by Number Answered
Your Score History
You have not taken this quiz